000 00651nam a2200241Ia 4500
003 OSt
005 20221005084822.0
006 a|||||r|||| 00| 0
007 ta
008 221004b |||||||| |||| 00| 0 eng d
024 _a62348
037 _cTextual
040 _aCRL
_cCRL
_beng
041 _2eng
_aeng
082 _aS:72, N0
100 _aSternberg Robert J
245 0 _aMetaphors of mind
_b Conceptions of the nature of intelligence
260 _aNew York
_bCambridge University
_c1990
300 _a344p.
_ccm.
650 _aPSYCHOLOGY
942 _hS:72, N0
_cTEXL
_2cc
999 _c993166
_d993166